000 00306nam a22001457a 4500
005 20160527151040.0
008 160527b xxu||||| |||| 00| 0 eng d
041 _aeng
082 _b5570
245 _aFinancial Management
260 _bUPH
300 _a1.194
650 _aManagement
_9241
942 _cBK
999 _c1986
_d1985